The importance of healthy lifestyle

Bibliográfiai részletek
Szerző: Kovács Bernadett
További közreműködők: Papp Judit
Dokumentumtípus: Diplomadolgozat
Kulcsszavak:Healthy lifestyle
Sport
Eating habits
Online Access:http://dolgozattar.uni-bge.hu/23081

MARC

LEADER 00000nta a2200000 i 4500
001 dolg23081
005 20191120080859.0
008 191120suuuu hu om 000 eng d
040 |a BGE Dolgozattár Repozitórium  |b hun 
041 |a en 
100 1 |a Kovács Bernadett 
245 1 4 |a The importance of healthy lifestyle  |c Kovács Bernadett  |h [elektronikus dokumentum] 
246 1 1 |a The importance of healthy lifestyle 
695 |a Healthy lifestyle 
695 |a Sport 
695 |a Eating habits 
700 1 |a Papp Judit  |e ths 
856 4 0 |u http://dolgozattar.uni-bge.hu/23081/1/Kov%C3%A1cs%20Bernadett_IOHWA7_KM.pdf  |z Dokumentum-elérés